| 000 | 00903cam a22002655a 4500 | ||
|---|---|---|---|
| 001 | 18722379 | ||
| 005 | 20161018125914.0 | ||
| 008 | 150730t2015 njua fr 001 0 eng d | ||
| 020 | _a9781118369395 | ||
| 020 | _a1118369394 | ||
| 040 |
_aUKMGB _beng _cUKMGB _dOCLCO _dYDXCP _dOCLCF _dBTCTA _dBDX _dCLE _dDLC _dEG-ScBUE |
||
| 082 | 0 | 4 |
_a133.583326 _bPES _222 |
| 100 | 1 | _aPesavento, Larry, | |
| 245 | 1 | 2 |
_aA traders guide to financial astrology : _bforecasting market cycles using planetary and lunar movements / _cLarry Pasavento, Shane Smoleny. |
| 260 |
_aHoboken : _bJohn Wiley & Sons, _cc.2015. |
||
| 300 |
_axiii, 221 p. : _bill. ; _c24 cm. |
||
| 490 | 0 | _aWiley trading series. | |
| 500 | _aIndex : p. 215-221. | ||
| 650 | 0 |
_aAstrology and speculation. _2BUEsh |
|
| 650 | 7 |
_aMarketing. _2BUEsh _94499 |
|
| 651 | _2BUEsh | ||
| 653 |
_bBUSADM _cOctober2016 |
||
| 700 | 1 | _aSmoleny, Shane, | |
| 942 | _2ddc | ||
| 999 |
_c22593 _d22565 |
||